LEADER 01009nam0-22003251i-450- 001 990001106190403321 010 $a0-444-88075-5 035 $a000110619 035 $aFED01000110619 035 $a(Aleph)000110619FED01 035 $a000110619 100 $a20000920d1990----km-y0itay50------ba 101 0 $aeng 200 1 $aHandbook of Theoretical Computer Science$fEdited by Jan van Leeuwen 210 $aAmsterdam [etc.]$aCambridge$cElsevier$cThe MIT Press$d1990 300 $aContents: Vol. A: Algorithms and Complexity 300 $aVol. B: Formal Models and Semantics 610 0 $aTeoria della programmazione e utilizzazione dei computers 610 0 $aSoftware 676 $a510.78 700 1$aLeeuwen,$bJan : van$09380 801 0$aIT$bUNINA$gRICA$2UNIMARC 901 $aBK 912 $a990001106190403321 952 $a8B-263$b18120$fFI1 952 $a8B-263.001$b$fFI1 959 $aFI1 996 $aHandbook of Theoretical Computer Science$9337507 997 $aUNINA DB $aING01 LEADER 01628nas 2200481-a 450 001 996205339103316 005 20240413015303.0 011 $a1749-6802 035 $a(CKB)2670000000083219 035 $a(CONSER)--2005204609 035 $a(EXLCZ)992670000000083219 100 $a20050603a20059999 --- - 101 0 $aeng 181 $ctxt$2rdacontent 182 $cc$2rdamedia 183 $acr$2rdacarrier 200 00$aCountry report$iNamibia 210 $aLondon ;$aNew York $cEconomist Intelligence Unit 215 $a1 online resource 311 $aPrint version: Country report. (DLC) 2005204609 (OCoLC)60555117 2047-539X 517 3 $aNamibia 606 $aEconomic indicators$zNamibia$vPeriodicals 606 $aIndicateurs économiques$zNamibie$vPériodiques 606 $aEconomic history$2fast$3(OCoLC)fst00901974 606 $aEconomic indicators$2fast$3(OCoLC)fst00901996 606 $aPolitics and government$2fast$3(OCoLC)fst01919741 607 $aNamibia$xEconomic conditions$vPeriodicals 607 $aNamibia$xPolitics and government$vPeriodicals 607 $aNamibie$xPolitique et gouvernement$vPériodiques 607 $aNamibia$2fast 608 $aPeriodicals.$2fast 615 0$aEconomic indicators 615 6$aIndicateurs économiques 615 7$aEconomic history. 615 7$aEconomic indicators. 615 7$aPolitics and government 676 $a330.96881 712 02$aEconomist Intelligence Unit (Great Britain) 906 $aJOURNAL 912 $a996205339103316 920 $aexl_impl conversion 996 $aCountry Report$91321002 997 $aUNISA